000
00251nam a22001097a 4500
082
_a
621.902 HIN
100
_a
HINE,CHARLES.R
_9
57058
245
_a
MACHINE TOOLS FOR ENGINEERS
260
_a
NEW YORK
_b
MCGRAW HILL
_c
1959
300
_a
445P
942
_c
BK
999
_c
567365
_d
567365